000 003120000a22001450004500
001 005760
003 MACL
040 _aMACL
090 _c12932
_d12931
245 _aKashti e Nooh
_bFazal Deen
260 _aMatba Zia Ul Islam Qadiyan,
_c1902
350 _a0.45
650 _aUrdu Literature
942 _k891
_cBook
999 _c12859
_d12859